000 00698nam a2200241 a 4500
001 BRCA_7656
005 20190320205930.0
008 260713s1956----sz-#######---#000-0#ger-#
041 _ager
044 _asz
050 4 _aPJ5129
_b.A83 1956
100 1 _aAsch, Schalom
_d1880-1957
_918882
245 1 0 _aDer Prophet
_bRoman
_cSchalom Asch.
260 _aZúrich
_bDiana
_cc1956
300 _a408 p.
_bil.
_c21 cm.
500 _aTitel der amerikanischen originalausgabe: ´The Prophet Deutsch´ von Richard Jordan
500 _aT73
600 1 4 _aIsaías, el profeta
_vNovela
_918883
650 1 4 _aProfetas
_918884
650 1 4 _aLiteratura estadounidense
_918885
902 _aGFM
942 _2lcc
_cB
999 _c7330
_d7330